| 000 | 00516nam a2200193Ia 4500 | ||
|---|---|---|---|
| 005 | 20250508163705.0 | ||
| 008 | 008 250505s9999 xx 000 0 hin d | ||
| 037 | _aTextual | ||
| 040 |
_aFEDL _beng _cFEDL |
||
| 041 |
_ahin _2eng |
||
| 084 |
_a371.3, SHA _qFEDL |
||
| 100 |
_aSharma R A _9390189 |
||
| 245 | 0 | _aShiksha takniqe | |
| 260 |
_aMeerut, India _bLoyal Book Depot _c1998 |
||
| 300 | _axi,723p. | ||
| 650 | _aTeaching Technique | ||
| 942 |
_cTEXL _h371.3, SHA |
||
| 999 |
_c1384730 _d1384730 |
||